| 000 | 00328nam a2200121Ia 4500 | ||
|---|---|---|---|
| 008 | 210210b2000 xxu||||| |||| 00| 0 eng d | ||
| 082 | _a382 RAMT | ||
| 100 | _aRAMAKRISHNA (T N). | ||
| 245 | _aTextbook of international trade for II B.Com. | ||
| 260 |
_a _bNot Mentioned _c2000 |
||
| 690 | _aInternational Trade | ||
| 906 | _a053018 | ||
| 999 |
_c101302 _d101302 |
||